[Event "Titled Tuesday intern op 25th Mar Early"]
[Site "Chess.com INT"]
[Date "2025.03.25"]
[Round "2"]
[White "Kovalchuk, Alexey"]
[Black "Torres, Yelfry"]
[Result "1-0"]
[WhiteElo "2304"]
[BlackElo "2016"]
[PlyCount "63"]
[EventDate "2025.03.25"]
[EventType "swiss (blitz)"]
[EventRounds "11"]
[EventCountry "USA"]
[SourceTitle "CB14_2025"]
[SourceDate "2024.11.01"]
[SourceVersion "1"]
[SourceVersionDate "2024.11.01"]
[SourceQuality "1"]

1. e4 d6 2. d4 Nf6 3. Nc3 e5 4. Nf3 Nbd7 5. Be2 Be7 6. 0-0 0-0 7. a4 c6 8. a5 Qc7 9. d5 Rb8 10. Be3 c5 11. Nd2 b6 12. Nb5 Qd8 13. Nxa7 bxa5 14. Nc6 Qe8 15. Nxb8 Nxb8 16. Rxa5 h6 17. f3 Nh5 18. Nc4 Nd7 19. Ra8 Qd8 20. Qd2 Nb6 21. Nxb6 Qxb6 22. b3 Nf4 23. Bc4 Bb7 24. Rxf8+ Kxf8 25. g3 Ng6 26. Ra1 Bd8 27. Kg2 Kg8 28. Qe1 Bc8 29. Ra8 Qb7 30. Qa1 Qd7 31. Kg1 Bb6 32. Qa6 1-0

[Event "Titled Tuesday intern op 25th Mar Early"]
[Site "Chess.com INT"]
[Date "2025.03.25"]
[Round "5"]
[White "Torres, Yelfry"]
[Black "Hernandez Bermudez, Ulises Eduardo"]
[Result "0-1"]
[WhiteElo "2016"]
[BlackElo "2042"]
[PlyCount "70"]
[EventDate "2025.03.25"]
[EventType "swiss (blitz)"]
[EventRounds "11"]
[EventCountry "USA"]
[SourceTitle "CB14_2025"]
[SourceDate "2024.11.01"]
[SourceVersion "1"]
[SourceVersionDate "2024.11.01"]
[SourceQuality "1"]

1. c4 Nf6 2. Nc3 g6 3. g3 Bg7 4. Bg2 0-0 5. Nf3 d6 6. 0-0 e5 7. d3 Nc6 8. Bg5 Be6 9. Rb1 a5 10. a3 Qd7 11. Bxf6 Bxf6 12. Nd5 Bxd5 13. cxd5 Ne7 14. Nd2 Bg5 15. e3 f5 16. f4 exf4 17. gxf4 Bf6 18. a4 b5 19. Qc2 Rfc8 20. Ra1 Rab8 21. Rfb1 bxa4 22. Rxa4 Rb5 23. e4 Rc5 24. Nc4 fxe4 25. dxe4 Qb5 26. b3 Rb8 27. Bf1 Qa6 28. Qd2 Qa7 29. Kg2 Rbb5 30. b4 Qb7 31. Nxa5 Rxa5 32. bxc5 Qxb1 33. Rxa5 Qxe4+ 34. Kg3 Nf5+ 35. Kh3 Qf3# 0-1

[Event "Titled Tuesday intern op 25th Mar Early"]
[Site "Chess.com INT"]
[Date "2025.03.25"]
[Round "6"]
[White "Vasilenok, Anton"]
[Black "Torres, Yelfry"]
[Result "0-1"]
[WhiteElo "2137"]
[BlackElo "2016"]
[PlyCount "110"]
[EventDate "2025.03.25"]
[EventType "swiss (blitz)"]
[EventRounds "11"]
[EventCountry "USA"]
[SourceTitle "CB14_2025"]
[SourceDate "2024.11.01"]
[SourceVersion "1"]
[SourceVersionDate "2024.11.01"]
[SourceQuality "1"]

1. e4 d6 2. d4 Nf6 3. Nc3 e5 4. Nf3 Nbd7 5. Bc4 Be7 6. 0-0 0-0 7. h3 c6 8. a4 h6 9. a5 Rb8 10. Qe2 b5 11. axb6 axb6 12. Bb3 b5 13. d5 b4 14. dxc6 bxc3 15. cxd7 cxb2 16. Bxb2 Bxd7 17. Rfd1 Qc7 18. Nh4 Bc6 19. Ng6 Rfd8 20. f3 Nh5 21. Nxe7+ Qxe7 22. Bc1 g5 23. Be3 Ng7 24. Ra7 Rd7 25. Rda1 Ne6 26. Rxd7 Qxd7 27. Ra7 Rb7 28. Ra8+ Kg7 29. Ra1 d5 30. exd5 Bxd5 31. Rd1 Rxb3 32. cxb3 Qc6 33. Qd3 Nc7 34. b4 e4 35. Qd4+ Kg6 36. b5 Qxb5 37. fxe4 Be6 38. Rf1 Ne8 39. Bd2 Qe2 40. Bc3 g4 41. h4 g3 42. Qe5 h5 43. Rf6+ Kh7 44. Qxg3 Nxf6 45. Bxf6 Qg4 46. Qe5 Qg6 47. Bg5 Qg7 48. Qf4 Qd4+ 49. Kh2 Qg7 50. Bf6 Qg6 51. e5 Qg4 52. Qd2 Qf5 53. Qd8 Qf4+ 54. Kg1 Qe3+ 55. Kf1 Bc4+ 0-1

[Event "Titled Tuesday intern op 18th Mar Late"]
[Site "Chess.com INT"]
[Date "2025.03.18"]
[Round "3"]
[White "Torres, Yelfry"]
[Black "Baradaran Tamadon, Arian"]
[Result "0-1"]
[WhiteElo "2016"]
[BlackElo "2308"]
[PlyCount "102"]
[EventDate "2025.03.18"]
[EventType "swiss (blitz)"]
[EventRounds "11"]
[EventCountry "USA"]
[SourceTitle "CB13_2025"]
[SourceDate "2025.03.26"]
[SourceVersion "1"]
[SourceVersionDate "2025.03.26"]
[SourceQuality "1"]

1. c4 Nf6 2. Nc3 d6 3. g3 g6 4. Bg2 Bg7 5. Nf3 0-0 6. 0-0 Nbd7 7. d3 e5 8. Bg5 h6 9. Bxf6 Nxf6 10. Rb1 a5 11. a3 c6 12. b4 Re8 13. Qc2 Bd7 14. b5 d5 15. Nd2 Be6 16. bxc6 bxc6 17. Rb7 Bf8 18. Qa4 Bd7 19. Rfb1 Qe7 20. cxd5 cxd5 21. Qb3 Qxa3 22. Nxd5 Nxd5 23. Bxd5 Qxb3 24. Nxb3 Be6 25. Bxe6 Rxe6 26. Ra1 a4 27. Nd2 a3 28. Ra2 Rc6 29. Nc4 e4 30. Ne5 Re6 31. Nxf7 exd3 32. exd3 Rae8 33. Nxh6+ Bxh6 34. Rxa3 R8e7 35. Raa7 Rxb7 36. Rxb7 Bg7 37. Kg2 Kh7 38. Rd7 Kh6 39. h4 Re2 40. Kf3 Rd2 41. Rd5 Rd1 42. Kg4 Rd2 43. f4 Bc3 44. Rd6 Kh7 45. h5 gxh5+ 46. Kxh5 Rg2 47. g4 Kg7 48. Kg5 Bd2 49. Rd7+ Kf8 50. Kf6 Ke8 51. Rd4 Bc3 0-1

[Event "Titled Tuesday intern op 11th Mar Early"]
[Site "Chess.com INT"]
[Date "2025.03.11"]
[Round "7"]
[White "Carter, Emmanuel"]
[Black "Torres, Yelfry"]
[Result "1/2-1/2"]
[WhiteElo "2052"]
[BlackElo "2016"]
[PlyCount "154"]
[EventDate "2025.03.11"]
[EventType "swiss (blitz)"]
[EventRounds "11"]
[EventCountry "USA"]
[SourceTitle "CB12_2025"]
[SourceDate "2025.03.19"]
[SourceVersion "1"]
[SourceVersionDate "2025.03.19"]
[SourceQuality "1"]

1. Nf3 d6 2. d4 Nd7 3. c4 e5 4. g3 Ngf6 5. Bg2 Be7 6. 0-0 0-0 7. Nc3 c6 8. e4 a6 9. Re1 Qc7 10. Be3 Ng4 11. Bg5 Ngf6 12. Rc1 Re8 13. d5 a5 14. h3 Nc5 15. Qc2 Bd7 16. Be3 cxd5 17. Nxd5 Nxd5 18. cxd5 b6 19. a3 a4 20. Nd2 Qb7 21. f4 Bf6 22. Nc4 Qb8 23. fxe5 Bxe5 24. Nxe5 Rxe5 25. Bd4 Re7 26. Bc3 f6 27. Kh2 Be8 28. Re3 Bg6 29. Rce1 Qc7 30. Bb4 Qd7 31. Qc4 Rae8 32. Bxc5 bxc5 33. Qa6 f5 34. e5 dxe5 35. d6 Re6 36. Bd5 e4 37. Rc1 Bf7 38. Bxe6 Rxe6 39. Rd1 g5 40. Rc3 Re5 41. Qb6 c4 42. Qc7 Be6 43. Qxd7 Bxd7 44. Rxc4 Kf7 45. Rcd4 Ke6 46. Kg1 f4 47. gxf4 gxf4 48. Re1 Kf5 49. Kf2 e3+ 50. Kf3 Bc6+ 51. Ke2 f3+ 52. Kd3 f2 53. Rf1 Bb5+ 54. Kc3 Bxf1 55. d7 Rc5+ 56. Kb4 Rb5+ 57. Kxa4 Rb8 58. d8Q Rxd8 59. Rxd8 Bg2 60. b4 e2 61. Rf8+ Ke4 62. Rxf2 e1Q 63. Rxg2 Qd1+ 64. Ka5 Qd5+ 65. b5 Kd4 66. Rg4+ Kc5 67. Ka4 Qd1+ 68. Ka5 Qd8+ 69. Ka4 Qd1+ 70. Ka5 Qb3 71. a4 Qxh3 72. Rg5+ Kd6 73. Ka6 Qc8+ 74. Ka7 Qc7+ 75. Ka6 Qc8+ 76. Ka7 Qc7+ 77. Ka6 Qc8+ 1/2-1/2

[Event "Titled Tuesday intern op 11th Mar Early"]
[Site "Chess.com INT"]
[Date "2025.03.11"]
[Round "5"]
[White "February, Jesse Nikki"]
[Black "Torres, Yelfry"]
[Result "0-1"]
[WhiteElo "2052"]
[BlackElo "2016"]
[PlyCount "90"]
[EventDate "2025.03.11"]
[EventType "swiss (blitz)"]
[EventRounds "11"]
[EventCountry "USA"]
[SourceTitle "CB12_2025"]
[SourceDate "2025.03.19"]
[SourceVersion "1"]
[SourceVersionDate "2025.03.19"]
[SourceQuality "1"]

1. e4 d6 2. d4 Nf6 3. Bd3 e5 4. c3 Be7 5. Nf3 Nbd7 6. h3 c6 7. 0-0 0-0 8. Be3 a6 9. Nbd2 b5 10. Re1 Bb7 11. Nf1 Re8 12. Ng3 g6 13. Qd2 Bf8 14. Bh6 Qe7 15. Qg5 Bxh6 16. Qxh6 Qf8 17. Qh4 Qg7 18. a4 h6 19. Ne2 Rac8 20. g4 d5 21. g5 hxg5 22. Nxg5 dxe4 23. Nxe4 Nxe4 24. Bxe4 Nf6 25. Bc2 c5 26. dxe5 Rxe5 27. Nf4 Rce8 28. Rxe5 Rxe5 29. axb5 g5 30. Qg3 gxf4 31. Qxg7+ Kxg7 32. bxa6 Ba8 33. b4 cxb4 34. cxb4 Nd5 35. Rb1 Rg5+ 36. Kh2 Nc3 37. Rb3 Rg2+ 38. Kh1 Rxf2+ 39. Kg1 Rxc2 40. b5 Ne2+ 41. Kf1 Nd4 42. Rb4 Nxb5 43. Rxb5 Ra2 44. Rb6 f3 45. h4 Be4 0-1

[Event "Titled Tuesday intern op 11th Mar Early"]
[Site "Chess.com INT"]
[Date "2025.03.11"]
[Round "11"]
[White "Torres, Yelfry"]
[Black "Pournami, S."]
[Result "1/2-1/2"]
[WhiteElo "2016"]
[BlackElo "1770"]
[PlyCount "114"]
[EventDate "2025.03.11"]
[EventType "swiss (blitz)"]
[EventRounds "11"]
[EventCountry "USA"]
[SourceTitle "CB12_2025"]
[SourceDate "2025.03.19"]
[SourceVersion "1"]
[SourceVersionDate "2025.03.19"]
[SourceQuality "1"]

1. c4 Nf6 2. Nc3 e6 3. Nf3 d5 4. cxd5 exd5 5. d4 Be7 6. Bg5 0-0 7. Bxf6 Bxf6 8. e3 c6 9. Bd3 Bg4 10. Qc2 h6 11. h3 Be6 12. 0-0 Nd7 13. b4 Nb6 14. b5 Rc8 15. bxc6 Rxc6 16. Qb3 a6 17. Ne2 Nc4 18. Qxb7 Rb6 19. Qa7 Qd6 20. Nf4 Rfb8 21. Rab1 Nb2 22. Rxb2 Rxb2 23. Nxe6 Qxe6 24. Qxa6 Qxa6 25. Bxa6 Rxa2 26. Bd3 g6 27. g3 Rbb2 28. h4 Kg7 29. Bb1 Ra1 30. Bd3 Ra3 31. Rd1 Raa2 32. Rf1 g5 33. hxg5 hxg5 34. g4 Ra8 35. Rc1 Rh8 36. Rc5 Rd8 37. Bb5 Rb1+ 38. Kg2 Rb2 39. Bd3 Ra8 40. Rc1 Raa2 41. Rf1 Be7 42. Bf5 Bf6 43. Ng1 Ra3 44. Nh3 Rxe3 45. Rd1 Ra3 46. Bd7 Rb4 47. Bc6 Rxd4 48. Rxd4 Bxd4 49. Bxd5 Kf6 50. Be4 Ke5 51. Bb7 Ra2 52. Bc6 f6 53. Be8 f5 54. gxf5 Kxf5 55. Bf7 g4 56. Bxa2 gxh3+ 57. Kxh3 Bxf2 1/2-1/2

[Event "Titled Tuesday intern op 11th Mar Early"]
[Site "Chess.com INT"]
[Date "2025.03.11"]
[Round "6"]
[White "Torres, Yelfry"]
[Black "Sammed Jaykumar, Shete"]
[Result "0-1"]
[WhiteElo "2016"]
[BlackElo "2391"]
[PlyCount "84"]
[EventDate "2025.03.11"]
[EventType "swiss (blitz)"]
[EventRounds "11"]
[EventCountry "USA"]
[SourceTitle "CB12_2025"]
[SourceDate "2025.03.19"]
[SourceVersion "1"]
[SourceVersionDate "2025.03.19"]
[SourceQuality "1"]

1. c4 e6 2. Nc3 b6 3. Nf3 Bb7 4. g3 f5 5. Bg2 Nf6 6. 0-0 Bb4 7. Qc2 Bxc3 8. Qxc3 0-0 9. d3 a5 10. b3 Na6 11. Bb2 Nc5 12. a3 Qe8 13. Qc2 d6 14. b4 Ncd7 15. Nd4 Bxg2 16. Kxg2 f4 17. Nb5 Qh5 18. h3 Rac8 19. bxa5 bxa5 20. Qd2 e5 21. gxf4 Qh6 22. Qe3 exf4 23. Qf3 Rce8 24. Nxc7 Ne5 25. Bxe5 Rxe5 26. Kh2 g5 27. Rg1 g4 28. Nd5 Kh8 29. Rxg4 Nxg4+ 30. Qxg4 Rxe2 31. Qxe2 f3 32. Qe7 Rg8 33. Rg1 Rxg1 34. Kxg1 Qg6+ 35. Kf1 Qg2+ 36. Ke1 Qg1+ 37. Kd2 Qxf2+ 38. Kc3 h6 39. Qf6+ Kh7 40. Qf7+ Kh8 41. Nf6 Qe1+ 42. Kd4 Qe5# 0-1

[Event "Titled Tuesday intern op 11th Mar Early"]
[Site "Chess.com INT"]
[Date "2025.03.11"]
[Round "3"]
[White "Torres, Yelfry"]
[Black "Shemyakinskiy, Nikita"]
[Result "0-1"]
[WhiteElo "2016"]
[BlackElo "2307"]
[PlyCount "112"]
[EventDate "2025.03.11"]
[EventType "swiss (blitz)"]
[EventRounds "11"]
[EventCountry "USA"]
[SourceTitle "CB12_2025"]
[SourceDate "2025.03.19"]
[SourceVersion "1"]
[SourceVersionDate "2025.03.19"]
[SourceQuality "1"]

1. c4 e5 2. Nc3 Nf6 3. g3 Bb4 4. Bg2 0-0 5. Qc2 Re8 6. a3 Bf8 7. d3 c6 8. Bg5 h6 9. Bxf6 Qxf6 10. e3 d6 11. Nge2 Qg6 12. 0-0 Nd7 13. b4 Nf6 14. f3 d5 15. Qd2 dxc4 16. dxc4 Be6 17. c5 Rad8 18. Qb2 Bc4 19. Rfd1 h5 20. e4 h4 21. Qc2 Nh5 22. Kf2 hxg3+ 23. hxg3 Be7 24. Rh1 Bg5 25. Rad1 Rxd1 26. Qxd1 Rd8 27. Qg1 Rd2 28. Qh2 Bxe2 29. Nxe2 Bh6 30. Qxh5 Qe6 31. Bf1 Qb3 32. Qxe5 Qe3+ 33. Kg2 Rxe2+ 34. Bxe2 Qxe2+ 35. Kh3 Qxf3 36. Rh2 Qf1+ 37. Rg2 Qh1+ 38. Rh2 Qf1+ 39. Kg4 Qd1+ 40. Kh4 f6 41. Qe6+ Kh8 42. Qe8+ Kh7 43. Qe6 Qg1 44. Qf5+ Kg8 45. Qf3 Qxh2+ 46. Kg4 g6 47. Qb3+ Kg7 48. Kf3 Qh5+ 49. Kg2 Qe2+ 50. Kh3 Qxe4 51. Qd1 Qf5+ 52. Kg2 Qd5+ 53. Qxd5 cxd5 54. b5 Kf7 55. c6 bxc6 56. bxc6 Ke7 0-1

[Event "Titled Tuesday intern op 25th Feb Early"]
[Site "Chess.com INT"]
[Date "2025.02.25"]
[Round "2"]
[White "Bartakke, Amardeep S"]
[Black "Torres, Yelfry"]
[Result "1/2-1/2"]
[WhiteElo "2116"]
[BlackElo "2016"]
[PlyCount "47"]
[EventDate "2025.02.25"]
[EventType "swiss (blitz)"]
[EventRounds "11"]
[EventCountry "USA"]
[SourceTitle "CB10_2025"]
[SourceDate "2025.03.05"]
[SourceVersion "1"]
[SourceVersionDate "2025.03.05"]
[SourceQuality "1"]

1. e4 d6 2. d4 Nf6 3. Nc3 e5 4. f4 exd4 5. Qxd4 Nc6 6. Qd1 Be7 7. Nf3 0-0 8. Bd3 Re8 9. 0-0 Bf8 10. Kh1 Bg4 11. Qe1 Bxf3 12. Rxf3 Nxe4 13. Bxe4 d5 14. Bxh7+ Kxh7 15. Rh3+ Kg8 16. Qd1 Bb4 17. Bd2 Re6 18. a3 Bf8 19. Qh5 Rh6 20. Qxd5 Rd6 21. Qh5 Rh6 22. Qd5 Rd6 23. Qh5 Rh6 24. Qd5 1/2-1/2

[Event "Titled Tuesday intern op 25th Feb Early"]
[Site "Chess.com INT"]
[Date "2025.02.25"]
[Round "10"]
[White "Torres, Yelfry"]
[Black "Ahmad, Al Khatib"]
[Result "1-0"]
[WhiteElo "2016"]
[BlackElo "2279"]
[PlyCount "79"]
[EventDate "2025.02.25"]
[EventType "swiss (blitz)"]
[EventRounds "11"]
[EventCountry "USA"]
[SourceTitle "CB10_2025"]
[SourceDate "2025.03.05"]
[SourceVersion "1"]
[SourceVersionDate "2025.03.05"]
[SourceQuality "1"]

1. c4 e6 2. Nc3 d5 3. cxd5 exd5 4. d4 c6 5. Nf3 Bf5 6. Bf4 Bd6 7. Bxd6 Qxd6 8. e3 Nd7 9. Bd3 Bxd3 10. Qxd3 Ngf6 11. 0-0 0-0 12. Rab1 Qe7 13. b4 a6 14. a4 b5 15. a5 Rfe8 16. Nd2 g6 17. Rfc1 h5 18. Ne2 Rac8 19. Qb3 Nf8 20. Rb2 Ne6 21. Rbc2 Qd6 22. Nf3 Nd7 23. Rd1 Qe7 24. Rdc1 Qd6 25. Rd1 Ng7 26. Nf4 Nf5 27. Rdc1 Ne7 28. Rc3 Rc7 29. Qb2 Rec8 30. Nd2 Nf6 31. Nf3 Nd7 32. R3c2 Nf5 33. Nd3 Qf8 34. Nde5 Nxe5 35. Nxe5 Ne7 36. Rc3 Qe8 37. Qc2 f6 38. Nd3 Nf5 39. Nf4 Kg7 40. Nxd5 1-0

[Event "Titled Tuesday intern op 11th Feb Early"]
[Site "Chess.com INT"]
[Date "2025.02.11"]
[Round "6"]
[White "Calvo Gonzalez, Jose Felix"]
[Black "Torres, Yelfry"]
[Result "0-1"]
[WhiteElo "2198"]
[BlackElo "2016"]
[PlyCount "66"]
[EventDate "2025.02.11"]
[EventType "swiss (blitz)"]
[EventRounds "11"]
[EventCountry "USA"]
[SourceTitle "CB08_2025"]
[SourceDate "2025.02.19"]
[SourceVersion "1"]
[SourceVersionDate "2025.02.19"]
[SourceQuality "1"]

1. d4 d6 2. c4 Nf6 3. Nc3 Nbd7 4. e4 e5 5. Nf3 Be7 6. Be2 0-0 7. 0-0 c6 8. Be3 a6 9. d5 Re8 10. Rc1 cxd5 11. cxd5 b5 12. a3 Nb6 13. Nd2 Bd7 14. f3 h6 15. Nb3 Nh7 16. Qd2 Bg5 17. f4 exf4 18. Bxf4 Nc4 19. Bxc4 bxc4 20. Nd4 Qb6 21. Kh1 Rab8 22. Rb1 Bxf4 23. Qxf4 Nf6 24. Nf3 Qc7 25. Qg3 Nxe4 26. Nxe4 Rxe4 27. h3 Rbe8 28. Rfe1 Qc5 29. Rxe4 Rxe4 30. Rd1 Bf5 31. Nh4 Re3 32. Qf4 Be4 33. Rf1 Rxh3+ 0-1

[Event "Titled Tuesday intern op 11th Feb Early"]
[Site "Chess.com INT"]
[Date "2025.02.11"]
[Round "11"]
[White "Janaszak, Dawid"]
[Black "Torres, Yelfry"]
[Result "0-1"]
[WhiteElo "2306"]
[BlackElo "2016"]
[PlyCount "96"]
[EventDate "2025.02.11"]
[EventType "swiss (blitz)"]
[EventRounds "11"]
[EventCountry "USA"]
[SourceTitle "CB09_2025"]
[SourceDate "2025.02.27"]
[SourceVersion "1"]
[SourceVersionDate "2025.02.27"]
[SourceQuality "1"]

1. e4 d6 2. Nc3 Nf6 3. f4 e5 4. Nf3 Nc6 5. Bc4 Be7 6. d3 0-0 7. f5 Nd4 8. Be3 Nxf3+ 9. gxf3 c6 10. Bb3 d5 11. Bd2 d4 12. Ne2 Nh5 13. Ng3 Bh4 14. Kf2 Kh8 15. Qf1 g5 16. Rg1 Nf4 17. Ke1 a5 18. a4 b5 19. Kd1 Bd7 20. Ne2 c5 21. axb5 Bxb5 22. Nxf4 exf4 23. Bd5 Ra6 24. Rg4 h5 25. Rxh4 gxh4 26. Bxf4 Qf6 27. Qe1 a4 28. Kc1 Rg8 29. Kb1 Rg2 30. h3 Kh7 31. Qc1 Qg7 32. Ka2 a3 33. b3 Bxd3 34. Bd2 Bb5 35. e5 Qg3 36. f6 Bc6 37. Bc4 Ra8 38. Bd3+ Kh8 39. Be1 Qg5 40. Bd2 Qxe5 41. Qf1 Rag8 42. Re1 Qxf6 43. Re4 Bxe4 44. Bxe4 Rxd2 45. Qe1 Qg5 46. Qf1 d3 47. f4 Rxc2+ 48. Kb1 Qf6 0-1

[Event "Titled Tuesday intern op 11th Feb Early"]
[Site "Chess.com INT"]
[Date "2025.02.11"]
[Round "1"]
[White "Plyasunov, Daniil"]
[Black "Torres, Yelfry"]
[Result "1-0"]
[WhiteElo "2300"]
[BlackElo "2016"]
[PlyCount "53"]
[EventDate "2025.02.11"]
[EventType "swiss (blitz)"]
[EventRounds "11"]
[EventCountry "USA"]
[SourceTitle "CB09_2025"]
[SourceDate "2025.02.27"]
[SourceVersion "1"]
[SourceVersionDate "2025.02.27"]
[SourceQuality "1"]

1. e4 d6 2. d4 Nf6 3. Nc3 e5 4. Nf3 Nbd7 5. Bc4 Be7 6. a4 0-0 7. 0-0 c6 8. h3 h6 9. Re1 Qc7 10. a5 Rb8 11. Be3 b5 12. axb6 axb6 13. d5 b5 14. Bf1 b4 15. Ra7 Rb7 16. Rxb7 Bxb7 17. dxc6 bxc3 18. cxb7 Qxb7 19. bxc3 Nxe4 20. Bc4 Ndf6 21. Qd3 Rc8 22. Nd2 Nxd2 23. Bxd2 Qc7 24. Bb3 Qc6 25. Bxh6 gxh6 26. Qg6+ Kf8 27. Qxf7# 1-0

[Event "Titled Tuesday intern op 04th Feb Late"]
[Site "Chess.com INT"]
[Date "2025.02.04"]
[Round "4"]
[White "Khodko, Yurii N"]
[Black "Torres, Yelfry"]
[Result "1-0"]
[WhiteElo "2354"]
[BlackElo "2016"]
[PlyCount "75"]
[EventDate "2025.02.04"]
[EventType "swiss (blitz)"]
[EventRounds "11"]
[EventCountry "USA"]
[SourceTitle "CB07_2025"]
[SourceDate "2025.02.12"]
[SourceVersion "1"]
[SourceVersionDate "2025.02.12"]
[SourceQuality "1"]

1. e4 d6 2. d4 Nf6 3. Nc3 e5 4. Nf3 Nbd7 5. Bc4 Be7 6. 0-0 0-0 7. Re1 c6 8. a4 h6 9. h3 Qc7 10. a5 Rb8 11. Be3 b5 12. axb6 axb6 13. d5 b5 14. dxc6 bxc4 15. cxd7 Bxd7 16. Ra2 Rb7 17. Qe2 Rfb8 18. Rb1 Qc6 19. Bc1 Be6 20. Rba1 Bd8 21. Ra6 Qd7 22. Nd2 Rc8 23. R1a4 Qc7 24. Nf1 Bd7 25. Ra2 Bc6 26. Ng3 d5 27. exd5 Nxd5 28. Ra1 Nf4 29. Bxf4 exf4 30. Nf5 Bf6 31. Qxc4 Rxb2 32. Ra7 Qb8 33. Qxf7+ Kh8 34. Nxg7 Qe5 35. Nh5 Rb7 36. Rxb7 Bxb7 37. Nxf6 Rc7 38. Qf8# 1-0

[Event "Titled Tuesday intern op 13th Aug Late"]
[Site "Chess.com INT"]
[Date "2024.08.13"]
[Round "7"]
[White "Grinev, Valeriy"]
[Black "Torres, Yelfry"]
[Result "1-0"]
[WhiteElo "2422"]
[BlackElo "2016"]
[PlyCount "197"]
[EventDate "2024.08.13"]
[EventType "swiss (blitz)"]
[EventRounds "11"]
[EventCountry "USA"]
[SourceTitle "EXT 2025"]
[Source "ChessBase"]
[SourceDate "2024.10.14"]
[SourceVersion "1"]
[SourceVersionDate "2024.10.14"]
[SourceQuality "1"]

1. d4 d6 2. c4 Nf6 3. Nc3 Nbd7 4. Nf3 e5 5. e4 Be7 6. Be2 0-0 7. 0-0 c6 8. Qc2 a6 9. Rd1 Qc7 10. b3 Re8 11. a4 a5 12. Ba3 Bf8 13. Rd2 h6 14. Rad1 b6 15. h3 exd4 16. Nxd4 Nc5 17. f3 h5 18. Bf1 g6 19. Nde2 Be6 20. Bb2 Nh7 21. Nd4 Rad8 22. Nce2 Bh6 23. Qc3 Bg7 24. Qc2 Bc8 25. Kh1 h4 26. Re1 Bb7 27. Rdd1 Qe7 28. Ba1 Nf6 29. Rb1 Nh5 30. Qd2 Ne6 31. Red1 Nc5 32. Kg1 Kh7 33. Qe1 Na6 34. Nc2 Bh6 35. Bd4 c5 36. Be3 g5 37. Bd2 f6 38. Ne3 Ng7 39. Nc3 Nc7 40. Bc1 Qe6 41. Rb2 Rd7 42. Rbd2 Red8 43. Qf2 Nge8 44. Bd3 Kg8 45. Bc2 Bf8 46. Bb2 Qf7 47. Nf5 Ng7 48. Ne3 Kh7 49. Kh1 Kg8 50. Kg1 Nh5 51. Nf5 Nf4 52. Kh1 Nh5 53. Ne2 Ne8 54. Kg1 Nc7 55. Qe3 Ne6 56. Nc3 Nef4 57. Kh2 Bc6 58. Ba1 Qe6 59. Bb2 Qf7 60. Ne2 Nxe2 61. Qxe2 Nf4 62. Qe3 Qe6 63. Qc3 Bg7 64. Kh1 Nh5 65. Kg1 Bf8 66. Qe3 Be7 67. Qf2 Bf8 68. Bc3 Be7 69. Bb1 Bf8 70. Kh2 Be7 71. Qe3 Bf8 72. Bc2 Kf7 73. Kg1 Kg8 74. Qf2 Kf7 75. Ne3 Kg8 76. Nd5 Bg7 77. Bb2 Bxd5 78. exd5 Qf7 79. Bf5 Re7 80. Be6 Rxe6 81. dxe6 Qxe6 82. Re1 Qf7 83. Rde2 Nf4 84. Re7 Qg6 85. Qd2 Bf8 86. R7e4 d5 87. cxd5 Rxd5 88. Qc3 Bg7 89. Qc4 Qf7 90. Re7 Qg6 91. Kh2 Kh7 92. Rb7 Rd2 93. Ree7 Rxg2+ 94. Kh1 Qb1+ 95. Bc1 Rc2 96. Rxg7+ Kh6 97. Rh7+ Kg6 98. Rbg7+ Kf5 99. Qe4# 1-0

[Event "Titled Tuesday intern op 13th Aug Late"]
[Site "Chess.com INT"]
[Date "2024.08.13"]
[Round "11"]
[White "Torres, Yelfry"]
[Black "Alvarado, Carlos"]
[Result "0-1"]
[WhiteElo "2016"]
[BlackElo "2060"]
[PlyCount "76"]
[EventDate "2024.08.13"]
[EventType "swiss (blitz)"]
[EventRounds "11"]
[EventCountry "USA"]
[SourceTitle "EXT 2025"]
[Source "ChessBase"]
[SourceDate "2024.10.14"]
[SourceVersion "1"]
[SourceVersionDate "2024.10.14"]
[SourceQuality "1"]

1. c4 e6 2. g3 d5 3. b3 Nf6 4. Bg2 Be7 5. Nf3 0-0 6. 0-0 b6 7. Bb2 Bb7 8. d4 Nbd7 9. Nbd2 dxc4 10. Nxc4 a5 11. a3 a4 12. b4 Bd5 13. Rc1 Qb8 14. Nce5 Qb7 15. Qc2 Rfc8 16. Nc6 Bd6 17. Ng5 Bxg2 18. Kxg2 h6 19. Nf3 b5 20. e4 Bf8 21. Qd3 Ra6 22. d5 exd5 23. exd5 Bd6 24. Rc2 Raa8 25. Rfc1 Re8 26. Nfd4 Ne5 27. Qxb5 Qxb5 28. Nxb5 Nd3 29. Nxd6 cxd6 30. Bxf6 Nxc1 31. Be7 Nd3 32. Bxd6 Ne1+ 33. Kh3 Nxc2 34. b5 Rad8 35. Nxd8 Rxd8 36. Bc7 Rxd5 37. b6 Rb5 38. Kg4 Nxa3 0-1

[Event "Titled Tuesday intern op 13th Aug Late"]
[Site "Chess.com INT"]
[Date "2024.08.13"]
[Round "6"]
[White "Torres, Yelfry"]
[Black "Cramling Bellon, Anna"]
[Result "1-0"]
[WhiteElo "2016"]
[BlackElo "2045"]
[PlyCount "41"]
[EventDate "2024.08.13"]
[EventType "swiss (blitz)"]
[EventRounds "11"]
[EventCountry "USA"]
[SourceTitle "EXT 2025"]
[Source "ChessBase"]
[SourceDate "2024.10.14"]
[SourceVersion "1"]
[SourceVersionDate "2024.10.14"]
[SourceQuality "1"]

1. c4 c5 2. g3 Nc6 3. Bg2 g6 4. Nc3 Bg7 5. Nf3 e5 6. 0-0 Nge7 7. d3 d6 8. Rb1 a5 9. a3 Rb8 10. Bg5 h6 11. Bxe7 Nxe7 12. b4 axb4 13. axb4 cxb4 14. Rxb4 0-0 15. Qb3 Nc6 16. Rb6 Be6 17. Rb1 Qd7 18. Rxb7 Na5 19. Rxd7 Nxb3 20. Rxd6 Nc5 21. Rdb6 1-0

[Event "Titled Tuesday intern op 13th Aug Late"]
[Site "Chess.com INT"]
[Date "2024.08.13"]
[Round "10"]
[White "Torres, Yelfry"]
[Black "Maksimovic, Masa"]
[Result "1-0"]
[WhiteElo "2016"]
[BlackElo "2094"]
[PlyCount "105"]
[EventDate "2024.08.13"]
[EventType "swiss (blitz)"]
[EventRounds "11"]
[EventCountry "USA"]
[SourceTitle "EXT 2025"]
[Source "ChessBase"]
[SourceDate "2024.10.14"]
[SourceVersion "1"]
[SourceVersionDate "2024.10.14"]
[SourceQuality "1"]

1. c4 g6 2. g3 Bg7 3. Bg2 d6 4. Nc3 e5 5. Nf3 f5 6. 0-0 Nf6 7. d3 0-0 8. Bg5 h6 9. Bxf6 Qxf6 10. Rb1 a5 11. a3 g5 12. b4 axb4 13. axb4 Nc6 14. b5 Ne7 15. Nd2 Qg6 16. Qc2 h5 17. Nd5 Nxd5 18. cxd5 Kh8 19. Qxc7 f4 20. Ra1 Rxa1 21. Rxa1 fxg3 22. hxg3 Qf5 23. Ne4 h4 24. Qxd6 hxg3 25. fxg3 Qg4 26. Bf3 Qh3 27. Bg2 Qg4 28. Rf1 Bf5 29. Bf3 Qh3 30. Rf2 Bxe4 31. Rh2 Qxh2+ 32. Kxh2 Bxf3 33. exf3 Rxf3 34. Qb8+ Kh7 35. Qxb7 Rxd3 36. Qd7 Kg6 37. g4 Rf3 38. b6 Rf2+ 39. Kg1 Rb2 40. b7 e4 41. b8Q Rxb8 42. Qd6+ Kf7 43. Qxb8 Be5 44. Qxe5 e3 45. Qe6+ Kg7 46. d6 e2 47. Qxe2 Kf6 48. Kf2 Kg6 49. Qe6+ Kg7 50. Kf3 Kf8 51. Qe7+ Kg8 52. d7 Kh8 53. d8Q# 1-0